All-NBA Second Team Players - Statistics

General Stats
  • This quiz has been taken 330 times
    303 since last reset
  • The average score is 57 of 95
Answer Stats
Player % Correct
LeBron James
93%
Michael Jordan
92%
Shaquille O'Neal
91%
Stephen Curry
91%
Kevin Durant
89%
Nikola Jokic
89%
Joel Embiid
88%
Russell Westbrook
88%
Chris Paul
87%
Kobe Bryant
87%
Scottie Pippen
87%
Hakeem Olajuwon
85%
Kevin Garnett
85%
David Robinson
84%
Kawhi Leonard
84%
Larry Bird
83%
Karl Malone
82%
Moses Malone
82%
Steve Nash
82%
Tim Duncan
82%
Anthony Davis
81%
Giannis Antetokounmpo
80%
Jason Kidd
80%
Allen Iverson
79%
Damian Lillard
79%
Dwyane Wade
78%
Jaylen Brown
78%
Dirk Nowitzki
77%
Dwight Howard
76%
Patrick Ewing
75%
John Stockton
74%
Marc Gasol
74%
Pau Gasol
74%
Kevin Johnson
73%
Larry Johnson
73%
Kyrie Irving
71%
Tracy McGrady
71%
Charles Barkley
70%
Chris Bosh
70%
Draymond Green
70%
Paul Pierce
70%
Ray Allen
70%
Blake Griffin
69%
Tim Hardaway
68%
Tony Parker
68%
Anthony Edwards
67%
Donovan Mitchell
66%
Isaiah Thomas
66%
Isiah Thomas
66%
Jalen Brunson
66%
Amar'e Stoudemire
65%
Clyde Drexler
65%
Gary Payton
65%
Alonzo Mourning
62%
Carmelo Anthony
62%
Jermaine O'Neal
62%
Rudy Gobert
58%
Jimmy Butler
57%
Kareem Abdul- Jabbar
57%
Ben Wallace
54%
Chris Webber
54%
Grant Hill
54%
DeMar DeRozan
53%
Chauncey Billups
52%
Chris Mullin
52%
DeMarcus Cousins
49%
Deron Williams
49%
Vince Carter
48%
Yao Ming
46%
Ja Morant
45%
LaMarcus Aldridge
45%
Pascal Siakam
44%
Dikembe Mutombo
43%
Kevin Love
43%
Joe Dumars
41%
Dominique Wilkins
39%
Julius Randle
38%
Mitch Richmond
34%
Shawn Kemp
34%
Andrew Bynum
30%
Peja Stojakovic
30%
Gilbert Arenas
27%
Glen Rice
25%
Sidney Moncrief
25%
Brandon Roy
24%
Tom Chambers
24%
Alex English
22%
Elton Brand
22%
Alvin Robertson
17%
Sam Cassell
16%
Ralph Sampson
13%
Terry Cummings
12%
Fat Lever
11%
Rod Strickland
11%
Vin Baker
8%
No matching quizzes found
Score Distribution
Percent of People with Each Score
Percentile by Number Answered
Your Score History
You have not taken this quiz since the last reset